000 00390nam a2200145Ia 4500
008 231129s1977||||xx |||||||||||||| ||spa||
020 _a84-253-0627-2
040 _bspa
082 _a613.2 A873l
100 _aAtkins Robert C.
245 0 _aEl libro de cocina de la dieta del Dr. Atkins
260 _c1977
264 _aGrijalbo
942 _2ddc
_cBKS
999 _c11491
_d11491